| 000 | 00649nam a22002177a 4500 | ||
|---|---|---|---|
| 005 | 20260306100946.0 | ||
| 008 | 260304b |||||||| |||| 00| 0 eng d | ||
| 020 | _a9789355325525 | ||
| 040 | _cAL | ||
| 041 | _aEnglish | ||
| 082 |
_a518.1 _bDASA |
||
| 100 |
_aSanjoy Dasgupta _9257941 |
||
| 245 | _aAlgorithms | ||
| 260 |
_aChennai _bMcGraw Hill Education(India) Private Limited _c2025 |
||
| 300 |
_ax,320p. _bPB _c24x18cm. |
||
| 365 |
_aABDI/0854/26 _b₹667.50 _c₹ _d₹890.00 _f19-02-2026 _e25% |
||
| 650 |
_aComputer Algorithms _9257646 |
||
| 700 |
_aPapadimitriou, Christos _9257643 |
||
| 700 |
_aVazirani,Umesh _9257644 |
||
| 942 |
_2ddc _cBK |
||
| 999 |
_c241000 _d241000 |
||